Statistical Analysis of Financial Data in R

Saved in:
Bibliographic Details
Main Author: Carmona, René
Format: Book
Language:English
Published: New York Springer 2014
Edition:2nd Edition
Series:Springer Texts in Statistics
Subjects:
Tags: Add Tag
No Tags, Be the first to tag this record!

MARC

LEADER 00000nam a2200000 4500
001 0241914
005 20240306140442.9
020 |a 978-1-4614-8787-6 
022 |a 1431-875X 
041 0 |a eng 
044 |a US 
245 1 0 |a Statistical Analysis of Financial Data in R  |c René Carmona 
250 |a 2nd Edition 
264 1 |a New York  |b Springer  |c 2014 
300 |a 588 s. 
490 1 |a Springer Texts in Statistics 
830 0 |a Springer Texts in Statistics 
610 2 0 |a štatistika 
610 2 0 |a analýza štatistická 
610 2 0 |a štatistika matematická 
610 2 0 |a dáta 
610 2 0 |a financie 
610 2 0 |a pravdepodobnosť 
610 2 0 |a výskum operačný 
610 2 0 |a teória hodnoty 
610 2 0 |a odhad štatistický 
610 2 0 |a simulácia 
610 2 0 |a regresia 
610 2 0 |a modely ekonometrické 
610 2 0 |a rady časové 
610 2 0 |a modelovanie 
100 1 |a Carmona, René